Statistics for Countries with embassies and consulates in Finland

Click here to take the quiz!

General Stats

  • This quiz has been taken 58 times
  • The average score is 58 of 64

Answer Stats

Continent Country % Correct
EuropeSweden
100%
South AmericaBrazil
100%
South AmericaArgentina
100%
EuropeNorway
98%
EuropeEstonia
98%
North AmericaUnited States of America
98%
EuropeLithuania
98%
North AmericaCanada
98%
South AmericaChile
98%
EuropeUnited Kingdom
98%
Asia/ EuropeTurkey
98%
EuropeItaly
98%
Asia/ EuropeRussia
98%
EuropeDenmark
98%
EuropeGreece
96%
EuropeGermany
96%
AsiaJapan
96%
South AmericaPeru
96%
AsiaIndia
96%
South AmericaColumbia
96%
EuropeLatvia
96%
EuropeIceland
96%
North AmericaMexico
94%
EuropePoland
94%
EuropePortugal
94%
EuropeHungary
94%
EuropeFrance
94%
EuropeSpain
94%
AsiaChina
94%
EuropeSwitzerland
94%
EuropeAustria
94%
AsiaIran
92%
EuropeIreland
92%
AfricaEgypt
92%
EuropeBelgium
92%
AfricaAlgeria
92%
EuropeSlovakia
90%
AsiaSouth Korea
90%
AsiaIraq
90%
AsiaIsrael
90%
AsiaIndonesia
90%
EuropeCroatia
90%
EuropeBulgaria
90%
EuropeBelarus
90%
AfricaMorocco
88%
AsiaSaudi Arabia
88%
South AmericaVenezuela
88%
EuropeUkraine
88%
South AmericaUruguay
86%
EuropeSerbia
86%
AfricaSouth Africa
86%
North AmericaCuba
86%
Europethe Netherlands
84%
AsiaUnited Arab Emirates
84%
EuropeCzech Republic
84%
AsiaVietnam
82%
AsiaThailand
82%
EuropeCyprus
80%
North AmericaNicaragua
78%
AsiaGeorgia
78%
AsiaMalaysia
76%
AfricaNamibia
73%
AsiaKazakhstan
63%
AfricaTunisia
61%

Score Distribution

Percentile by Number Answered

Percent of People with Each Score

Your Score History

You have not taken this quiz